| 000 | 00420 a2200157 4500 | ||
|---|---|---|---|
| 020 | _a101876633670 | ||
| 024 | _a9781876633677 | ||
| 082 | _a371.102 | ||
| 090 |
_c1325 _d1325 |
||
| 100 | _aKillen, Roy | ||
| 245 |
_aEffective Teaching Strategies _bLessons form Research and Practice _cRoy Killen |
||
| 250 | _a3rd | ||
| 260 |
_aAustralia _bLigare Book Pringers _c2003 |
||
| 300 | _a296 | ||
| 942 |
_aNBS _cBK _k371.102 KIL |
||
| 999 |
_c343847 _d343847 |
||